Statistics for Europe population from most to least

Click here to take the quiz!

General Stats

  • This quiz has been taken 32 times
  • The average score is 11 of 46

Answer Stats

HintAnswer% Correct
146,424,729russia
94%
84,270,625germany
78%
47,615,034spain
72%
58,853,482italy
67%
67,026,292united kingdom
67%
37,785,000poland
50%
85,279,553turkey
50%
17,798,615netherlands
44%
19,053,815romania
44%
41,130,432ukraine
44%
11,584,008belgium
39%
1,000vatican city
39%
9,090,868austria
33%
68,038,000france
33%
6,838,937bulgaria
28%
10,678,632greece
28%
10,361,800portugal
28%
6,690,887serbia
28%
80,120andorra
22%
9,255,500belarus
22%
33,785san marino
22%
10,521,556sweden
22%
8,789,726switzerland
22%
9,689,010hungary
17%
385,230iceland
17%
3,475,000bosnia and herzegovina
11%
10,525,739czech republic
11%
1,331,796estonia
11%
1,886,300latvia
11%
39,315liechtenstein
11%
2,838,389lithuania
11%
617,683montenegro
11%
2,793,592albania
6%
3,879,074croatia
6%
5,883,562denmark
6%
5,559,198finland
6%
5,123,536ireland
6%
1,773,971kosovo
6%
645,397luxembourg
6%
520,971malta
6%
5,434,712slovakia
6%
2,597,100moldova
0%
39,150monaco
0%
1,836,713north macedonia
0%
5,488,984norway
0%
2,107,180slovenia
0%

Score Distribution

Percentile by Number Answered

Percent of People with Each Score

Your Score History

You have not taken this quiz